| 000 | 00673nam a22002177a 4500 | ||
|---|---|---|---|
| 999 |
_c18400 _d18400 |
||
| 003 | AR-CdUCM | ||
| 008 | 190510b ||||| |||| 00| 0 spa d | ||
| 040 |
_aMUNICIPALIDAD PROVINCIAL DEL CUSCO _cBIBLIOTECA MUNICIPAL DEL CUSCO |
||
| 082 |
_a370.3 / _bR68 _22ed. |
||
| 100 |
_aRivlin, Harry N. _938963 |
||
| 245 | _aEnciclopedia de la educación moderna / | ||
| 260 |
_aBuenos Aires : _bLosada, _c1956. |
||
| 300 |
_a444 páginas ; _c25 cm. |
||
| 505 | _aContenido: Diccionarios. | ||
| 650 |
_aDiccionarios _95105 |
||
| 650 |
_aEducación _9460 |
||
| 650 |
_aEnciclopedia _918075 |
||
| 700 |
_aSchueler, Hebert _938964 |
||
| 942 |
_2ddc _cLIBROS |
||
| 945 |
_arum _d2019-05-13 |
||